• 首页
  • 本馆介绍
  • 公告通知
  • 最新文献
  • 馆藏检索
  • 电子资源
  • 读者导购
  • 参考咨询
  • 我的图书馆
  • 登录
  • 详细信息显示
  • 放入我的书架
  • 预约/预借图书
  • 作者相关作品
  • 分类相关作品
  • 丛书相关作品
  • 出版社相关作品

书目信息

  • 表格格式
  • 工作单格式
  • 卡片格式
题名:
合音训练
    
 
作者: 尤静波 , 潘永峰 编著
分册:  
出版信息: 合肥   安徽文艺出版社  2020.7
页数: 389页
开本: 29cm
丛书名: 流行音乐理论丛书
单 册:
中图分类: J614.1
科图分类:
主题词: 和声练习
电子资源:
ISBN: 978-7-5396-5657-1
000 00990nam0 2200301 45
001 012001001610
005 20141010152233.0
010    @a978-7-5396-5657-1@dCNY63.00
090    @aJ614@byjb
096    @aJ614@byjb
100    @a20160830d2016 em y0chiy50 ea
101 0  @achi
102    @aCN@b340000
105    @aag z 000yy
106    @ar
200 1  @a合音训练@Ahe yin xun lian@f尤静波,潘永峰编著
210    @a合肥@c安徽文艺出版社@d2020.7
215    @a389页@c照片@d29cm@e1光盘
225 1  @a流行音乐理论丛书
307    @a附光盘:ISBN 978-7-89980-606-7
330    @a本书基于流行音乐的特征而编写,在章节上分为绪论、声部训练、风格训练及作品训练四个部分,风格涉及爵士、布鲁斯、摇滚、放克、拉丁、乡村等多种风格。
461  0 @12001 @a流行音乐理论丛书
606 0  @a和声练习
690    @aJ614.1@v5
701  0 @a尤静波@Ayou jing bo@c(音乐教育)@4编著
701  0 @a潘永峰@Apan yong feng@c(音乐)@4编著
801  2 @aCN@b江苏凤凰@c20211018
905    @b1345020-3@dJ614.1@e1351@f4
    
    合音训练/尤静波,潘永峰编著.-合肥:安徽文艺出版社,2020.7
    389页:照片;29cm+1光盘.-(流行音乐理论丛书)
    
    
    ISBN 978-7-5396-5657-1:CNY63.00
    本书基于流行音乐的特征而编写,在章节上分为绪论、声部训练、风格训练及作品训练四个部分,风格涉及爵士、布鲁斯、摇滚、放克、拉丁、乡村等多种风格。
●
相关链接 在E读中查询图书 在五车中查询图书 在当当中查询图书 在豆瓣中查询图书


正题名:合音训练     索取号:J614.1/1351         预约/预借

序号 登录号 条形码 馆藏地/架位号 状态 备注
1 1345020   213450200   第一样本阅览室/ [索取号:J614.1/1351] 在馆    
2 1345021   213450219   第一借阅区/ [索取号:J614.1/1351] 在馆    
3 1345022   213450228   第一借阅区/ [索取号:J614.1/1351] 在馆    
4 1345023   213450237   第一借阅区/ [索取号:J614.1/1351] 在馆    
唐山师范学院图书馆 欢迎您!
大连网信软件有限公司© 版权所有